[Event "Oberfranken-ch op 0607"]
[Site "Schney"]
[Date "2007.01.02"]
[Round "2"]
[White "Barz, Anastasia"]
[Black "Mokry, David"]
[Result "0-1"]
[WhiteElo "1066"]
[BlackElo "1349"]
[PlyCount "82"]
[EventDate "2007.01.02"]
[EventType "swiss"]
[EventRounds "9"]
[EventCountry "GER"]
[SourceTitle "EXT 2024"]
[Source "ChessBase"]
[SourceDate "2023.10.10"]
[SourceVersion "1"]
[SourceVersionDate "2023.10.10"]
[SourceQuality "1"]

1. e4 d6 2. Nc3 Nf6 3. Nf3 g6 4. d4 Bg7 5. Bd3 0-0 6. 0-0 Nc6 7. Be3 e5 8. d5 Ne7 9. h3 c6 10. dxc6 Nxc6 11. Nd5 Be6 12. c4 Ne8 13. Qd2 f5 14. Bh6 f4 15. Bxg7 Kxg7 16. Qc3 Ne7 17. Qb3 b6 18. a4 Qd7 19. Ra3 Nc6 20. Kh2 Na5 21. Qa2 Nb7 22. b4 Nf6 23. a5 bxa5 24. bxa5 Nc5 25. Bc2 Nfxe4 26. Bxe4 Nxe4 27. Nc3 Nxc3 28. Rxc3 Rfc8 29. Nd2 Rc7 30. Rfc1 Rac8 31. f3 Bf7 32. Qa3 d5 33. c5 d4 34. Rd3 Qe7 35. Nb3 Bxb3 36. Qxb3 Rxc5 37. Rxc5 Rxc5 38. Qa3 Qc7 39. a6 Rc3 40. Rxc3 dxc3 41. Qc1 c2 0-1